000 00522nam a2200169 i 4500
001 80488
003 ES-MaACL
005 20230906174228.0
007 t|
008 041028s1916 fr ||||1| fre d
100 1 _aHitier, Henri.
_963835
245 1 0 _aPlantes sarclées
_b: pomme de terre et betterave /
_cpar H. Hitier ; introduction par P. Regnard.
260 _a[S.l. :
_bs.n.],
_c1916 (
_fCorbeil Creté)
300 _a438 p. ;
_c19 cm.
700 1 _aRegnard, Paul (
_d1850-1927)
_9150831
852 _aES-MaACL
_jD-3655
999 _c80488
_d80488